<?xml version="1.0" encoding="UTF-8"?>
<record
    xmlns:xsi="http://www.w3.org/2001/XMLSchema-instance"
    xsi:schemaLocation="http://www.loc.gov/MARC21/slim http://www.loc.gov/standards/marcxml/schema/MARC21slim.xsd"
    xmlns="http://www.loc.gov/MARC21/slim">

  <leader>00683nam a22002057a 4500</leader>
  <controlfield tag="003">OSt</controlfield>
  <controlfield tag="005">20250428120508.0</controlfield>
  <controlfield tag="008">250428b        |||||||| |||| 00| 0 eng d</controlfield>
  <datafield tag="020" ind1=" " ind2=" ">
    <subfield code="a">9789966068781</subfield>
  </datafield>
  <datafield tag="040" ind1=" " ind2=" ">
    <subfield code="c">Chuka University Library</subfield>
  </datafield>
  <datafield tag="050" ind1=" " ind2=" ">
    <subfield code="a">TX 301</subfield>
    <subfield code="b">.L552 2020</subfield>
  </datafield>
  <datafield tag="100" ind1=" " ind2=" ">
    <subfield code="a">Lillovi, Lillian</subfield>
    <subfield code="9">18659</subfield>
  </datafield>
  <datafield tag="245" ind1=" " ind2=" ">
    <subfield code="a">Home Science; Learner's Book</subfield>
    <subfield code="b">Grade 5</subfield>
  </datafield>
  <datafield tag="260" ind1=" " ind2=" ">
    <subfield code="a">Nairobi, Kenya</subfield>
    <subfield code="b">One Planet Publishing &amp; Media Services ltd</subfield>
    <subfield code="c">2020</subfield>
  </datafield>
  <datafield tag="300" ind1=" " ind2=" ">
    <subfield code="a">172p.</subfield>
  </datafield>
  <datafield tag="650" ind1=" " ind2=" ">
    <subfield code="a">1. Home Science---study &amp; teaching (primary)</subfield>
    <subfield code="9">18713</subfield>
  </datafield>
  <datafield tag="650" ind1=" " ind2=" ">
    <subfield code="a">2. Home Science---textbooks for primary education</subfield>
    <subfield code="9">18714</subfield>
  </datafield>
  <datafield tag="650" ind1=" " ind2=" ">
    <subfield code="a">3. Home Science---Kenya---Curricula</subfield>
    <subfield code="9">18715</subfield>
  </datafield>
  <datafield tag="942" ind1=" " ind2=" ">
    <subfield code="2">lcc</subfield>
    <subfield code="c">BK</subfield>
    <subfield code="n">0</subfield>
  </datafield>
  <datafield tag="952" ind1=" " ind2=" ">
    <subfield code="0">0</subfield>
    <subfield code="1">0</subfield>
    <subfield code="2">lcc</subfield>
    <subfield code="4">0</subfield>
    <subfield code="7">0</subfield>
    <subfield code="8">LGL</subfield>
    <subfield code="a">CHK</subfield>
    <subfield code="b">CHK</subfield>
    <subfield code="c">GEN</subfield>
    <subfield code="d">2025-04-28</subfield>
    <subfield code="l">0</subfield>
    <subfield code="o">TX 301 .L552 2020</subfield>
    <subfield code="p">25352/2025</subfield>
    <subfield code="r">2025-04-28 12:06:06</subfield>
    <subfield code="t">9</subfield>
    <subfield code="w">2025-04-28</subfield>
    <subfield code="y">BK</subfield>
  </datafield>
  <datafield tag="952" ind1=" " ind2=" ">
    <subfield code="0">0</subfield>
    <subfield code="1">0</subfield>
    <subfield code="2">lcc</subfield>
    <subfield code="4">0</subfield>
    <subfield code="7">0</subfield>
    <subfield code="8">LGL</subfield>
    <subfield code="a">CHK</subfield>
    <subfield code="b">CHK</subfield>
    <subfield code="c">GEN</subfield>
    <subfield code="d">2025-04-28</subfield>
    <subfield code="l">0</subfield>
    <subfield code="o">TX 301 .L552 2020</subfield>
    <subfield code="p">25351/2025</subfield>
    <subfield code="r">2025-04-28 12:06:49</subfield>
    <subfield code="t">10</subfield>
    <subfield code="w">2025-04-28</subfield>
    <subfield code="y">BK</subfield>
  </datafield>
  <datafield tag="952" ind1=" " ind2=" ">
    <subfield code="0">0</subfield>
    <subfield code="1">0</subfield>
    <subfield code="2">lcc</subfield>
    <subfield code="4">0</subfield>
    <subfield code="7">0</subfield>
    <subfield code="8">LGL</subfield>
    <subfield code="a">CHK</subfield>
    <subfield code="b">CHK</subfield>
    <subfield code="c">GEN</subfield>
    <subfield code="d">2025-04-28</subfield>
    <subfield code="l">0</subfield>
    <subfield code="o">TX 301 .L552 2020</subfield>
    <subfield code="p">25354/2025</subfield>
    <subfield code="r">2025-04-28 12:07:32</subfield>
    <subfield code="t">7</subfield>
    <subfield code="w">2025-04-28</subfield>
    <subfield code="y">BK</subfield>
  </datafield>
  <datafield tag="952" ind1=" " ind2=" ">
    <subfield code="0">0</subfield>
    <subfield code="1">0</subfield>
    <subfield code="2">lcc</subfield>
    <subfield code="4">0</subfield>
    <subfield code="7">0</subfield>
    <subfield code="8">LGL</subfield>
    <subfield code="a">CHK</subfield>
    <subfield code="b">CHK</subfield>
    <subfield code="c">GEN</subfield>
    <subfield code="d">2025-04-28</subfield>
    <subfield code="l">0</subfield>
    <subfield code="o">TX 301 .L552 2020</subfield>
    <subfield code="p">25353/2025</subfield>
    <subfield code="r">2025-04-28 12:08:08</subfield>
    <subfield code="t">8</subfield>
    <subfield code="w">2025-04-28</subfield>
    <subfield code="y">BK</subfield>
  </datafield>
  <datafield tag="999" ind1=" " ind2=" ">
    <subfield code="c">18841</subfield>
    <subfield code="d">18841</subfield>
  </datafield>
</record>
